000 00634nam a2200181 a 4500
008 120416s1986 ||||||||||||||||| || u
020 _a0070259429
050 _aHD 31 Ham
100 _aHampton, David R
245 1 0 _aManagement
250 _a3rd. ed.
260 _aNew York
_bMcGraw-Hill
_c1986
300 _axxvii, 765 p. : ill.
350 _a0.00
500 _aRev. ed. of: Contemporary management. 2nd ed. c1981. -Includes bibliographies and indexes.
650 0 _aMANAGEMENT
995 _D0.00
_FCBU-MAIN LIBRARY (Kitwe)
_H1
_I32.95
_M1
_UDAMAGED
_ZMain Library Open Access Collection
999 _c49829
_d49829